000 01810cam a22004574i 4500
003 PE-LiUPU
005 20250731172926.0
008 170510s1969 r 000 0 spa d
035 _a(Sirsi) a203950
040 _aPE-LiUPU
_bspa
_cPE-LiUPU
_erda
049 _aPRUA
082 0 4 _a222.1
_bA43
_220
100 1 _aAllis, Oswald T.,
_eautor.
245 1 4 _aThe five books of Moses :
_ba reexamination of the modern theory that the pentateuch is a late compilation from diverse and conflicting sources by authors and editors whose identity is completely unknown /
_cOswald T. Allis.
264 1 _aPhiladelphia :
_bPresbyteran and Reformed,
_c1969.
300 _axii, 355 pages ;
_c22 centimeters
336 _atext
_2rdacontent
337 _aunmediated
_2rdamedia
338 _avolume
_2rdacarrier
504 _aIndex : pages 345-351.
505 0 _aThe documentary hypothesis -- The development or graf-wellhausen hypothesis -- The present state of the problem.
526 _aSEG42
526 _aSEG41
526 _aSEG40
526 _aSEG39
526 _aP94
526 _aP87
526 _aP86
526 _aP85
526 _aP77
526 _aP76
526 _aP35
650 0 4 _aBiblia
_xPentateuco
_xCrítica, interpretación etc.
910 _ajck
_bncf
_cncf
_d20170510
942 _2ddc
_cBOOK
949 _a222.1 A43
_wDEWEY
_c1
_i75759
_lCCODEBUL1
_mBUL
_p16.00
_r0
_sY
_tBOOK
_u2017-05-03
_xPOSGRADO
_zMA.TEOLOGIA
_0DONACION
_o.STAFF. Colección Teologia
994 _aC0
_bPEPRU
596 _a1
999 _a222.1 A43
_wDEWEY
_c20329
_i75759
_f2021-11-9
_g4
_lCCODEBUL1
_mBUL
_p16.00
_r0
_sY
_tBOOK
_u2017-5-10
_xTEOLOGIA
_PP85
_0COMPRA
_o.STAFF. Colección Teologia
_d20329
980 _81
_gALBERTO SANCHEZ Responsable de Automatización